1316 1557 1487 1491 1929 1822 1265 1995 1971 1755 1810 1787 1249 1326 1632 1440 1181 1840 1878 1304 1121 1081 1682 1293 1154 1123 1640 1045 1134 1761 1198 1714 1197 1048 1885 1881 1479 1393 1037 1814 1734 1155 1848 1262 1572 1749 1223 1149 1016 1495 1550 1908 1337 1190 1987 1565 1941 1094 1922 1771 1379 1263 1982 1022 1610 1900 1893 1189 1108 1603 1384 1815 1890 1113 1265 1304 1402 1247 1981 1381 1787 1751 1087 1909 1320 1289 1681 1029 1012 1380 1026 1923 1252 1812 1439 1823 1473 1906 1514 BCNSPRNW ULIB Ver.6.0+V

เปลี่ยนเป็นภาษาไทย

Change to English
 แสดงรายละเอียดบรรณานุกรม
  กลับหน้าหลัก

Brief Record : Get Marc (ISO 2709) : E-mail record : QR code < ปิดหน้าต่าง
LEADER : 00000nam 2200000uu 4500
001    13399109089
003     ULIB
008    110321s2544||||th 000 0 tha d
020    9742942617
060  4 WY18^bส293ว 2544
110 1  กระทรวงสาธารณสุข^bสมาคมศิษย์เก่าพยาบาล^bสมาคมศิษย์วิทยาลัยพยาบาลบรมราชชนนี กรุงเทพฯ
245 00 วิชาชีพพยาบาลกับการปฏิรูประบบสุขภาพ/^cสมาคมศิษย์วิทยาลัยพยาบาลบรมราชชนนี กรุงเทพฯ
260    กรุงเทพฯ:^bสมาคมศิษย์วิทยาลัยพยาบาลบรมราชชนนี กรุงเทพฯ,^c2544
300    68 หน้า
650  7 วิชาชีพพยาบาลกับการปฏิรูประบบสุขภาพ
945    ^p0^l0^i019478
995    ทศพร
999 ^a ใช้งานได้ทุกระบบ
รายการนี้ยังไม่มีแท็ก
คุณยังไม่ได้ล็อกอิน คุณสามารถมีกิจกรรมร่วมกับเว็บไซต์ได้ แต่ต้องล็อกอินก่อน ::
  ล็อกอิน

รายการสื่อสารสนเทศ

ลำดับที่ ประเภท เลขเรียก/บาร์โค้ด สถานที่ สถานะ
- ไม่พบข้อมูล -

BibComment


ยังไม่เคยถูกคอมเมนท์

คอมเมนท์ทรัพยากรรายการนี้
  คอมเมนท์: วิชาชีพพยาบาลกับก..


 Copyright 2026. Bcnsprnw @Library